000 006760000a22002290004500
003 LK-CoMWRAF
005 20231004140013.0
008 230817t1997 ||||| |||| 00| 0 eng d
020 _a8172311117
040 _aLK-CoMWRAF
_dLK-CoMWRAF
_eLK-CoMWRAF
041 _aeng
082 _a297.14
_bSUN
100 _a Iṣfahānī, Abū Shujā
242 _aMukhtaṣar fīl-Risalah
245 _aA Sunni Shafi'i Law Code
260 _aNew Delhi:
_bIslamic book services,
_c1997
300 _axi, 156 p. ; 22 cm.
_bIndex included
650 _aSHAFITIES-Early works to 1800.
650 _a Islamic law-Early works to 1800
700 _aQadri, Anwar Ahmed
_etrans.
942 _cBK
999 _c1037
_d1037